000 00784nam a2200241 a 4500
005 20240228064142.0
008 140820s2010 mx r 000 0 spa d
020 _a9786074696103 (SEP)
020 _a9786079043087 (Hiperlibro)
035 _aUPN01000198968
049 _aI
050 4 _aPZ90 T5
_bT6.2
100 1 _aToobpong
_936137
245 1 3 _aEl cuervo negro y el cisne blanco /
_cadap. Toobpong ; il. Nutthaphol Chaiwat.
260 _aMéxico :
_bSEP :
_bHiperlibro,
_c2010.
300 _a23 p. :
_bil. col.
440 0 _aLibro del rincón.
_pAl sol solito
534 _pTitulo original:
_tthe black crow and the white swan
650 4 _aLITERATURA INFANTIL TAILANDESA
_922187
650 4 _aLibros y lectura para niños
_92290
905 _aInfantil
999 _c171069
_d171069